000 00323nam a22001337a 4500
008 250320b |||||||| |||| 00| 0 eng d
020 _a0710806477
050 _aPS3509
_b.E45
100 _aELIOT T.S.
245 _aHarvester New Readings
260 _aSussex
_bThe Harvester Press
_c1987
300 _aix, 182p.
942 _cBK
999 _c2543
_d2543